Country Flags of Africa - Tile Select Quiz - Statistics

General Stats
  • This quiz has been taken 1,511 times
  • The average score is 14 of 16
Answer Stats
Question Tile Select % Correct
flags of Africa No
98%
flags of Africa No
97%
flags of Africa No
97%
flags of Africa No
97%
flags of Africa No
97%
flags of Africa Yes
95%
flags of Africa Yes
95%
flags of Africa Yes
95%
flags of Africa Yes
94%
flags of Africa Yes
92%
flags of Africa Yes
91%
flags of Africa No
84%
flags of Africa No
82%
flags of Africa Yes
80%
flags of Africa No
78%
flags of Africa No
70%
No matching quizzes found
Score Distribution
Percent of People with Each Score
Percentile by Number Answered
Your Score History
You have not taken this quiz